000 00659cam a22002291 4500
001 sa 66006588
003 DLC
005 20260227112257.0
008 740606s1964 xx 000 0 eng
010 _asa 66006588
035 _a(OCoLC)909706
040 _aDLC
_cOAU
_dDLC
042 _apremarc
050 0 0 _aBL1226.85
_b.G4 1964
100 1 _aGhurye, G. S.
_q(Govind Sadashiv),
_d1893-1983.
245 1 0 _aIndian sadhus,
_cby G. S. Ghurye. With the collaboration of L. N. Chapekar.
250 _a[2d ed.]
260 _aBombay,
_bPopular Prakashan
_c[1964]
300 _ax, 260 p.
_c23 cm.
504 _aBibliography: p. [248]-251.
650 0 _aSadhus.
999 _c70586
_d70586